| 000 | 01502nam a22002657a 4500 | ||
|---|---|---|---|
| 999 |
_c361774 _d361774 |
||
| 001 | 75477 | ||
| 003 | UA-OsUOA | ||
| 005 | 20230504161318.0 | ||
| 007 | ta | ||
| 008 | 20110524b un ||||| |||| 00| 0 ukr d | ||
| 020 | _a978-966-439-096-2 | ||
| 040 |
_aUA-OsUOA _bukr _cUA-OsUOA _dUA-OsUOA |
||
| 041 | _aukr | ||
| 080 | _a82.09:82-1/9 | ||
| 090 |
_a82.09:82-1/9 _bБ72 |
||
| 100 | _aБовсунівська Т. В. | ||
| 245 |
_aКогнітивна жанрологія та поетика _bмонографія |
||
| 260 |
_aК. _bВПЦ "Київський ун-т" _c2010 |
||
| 300 | _a180 с. | ||
| 520 | _aУ монографії розглядається когнітивна теорія жанрів та мнемопоетика художнього твору. Зокрема особливу увагу приділено жанровим патернам, комунікативній природі жанру, мнемотехниці жанру, міфологемі та ремінісценції як своєрідним мнемосхемам поетики. Представлена також когнітивна типологія жанрових трансформацій та когнітивний підхід до імагологічної типології. | ||
| 650 | 7 |
_a82 Література. Літературознавство _2UDC |
|
| 942 |
_cBK _2udc |
||
| 955 | _a1 | ||